000 00709cab a2200241 4500
001 WB2503-33
008 090401t1989 xxu||||| |||| 00| 0 eng d
035 _a(Sirsi) u37430
041 _aeng
245 _aListing soon for PINCs
260 _c1989
350 _a0
490 _aFinancial Times
_v13/1/89 p6
490 _aDTI Press Notice
_v12/1/89 (3)
520 _aA series of regulations under the Financial Services Act has cleared the path for the issue of property income certificates on the Stock Exchange .
650 _aINVESTMENT
650 _aPINCS
650 _aSINGLE PROPERTY
650 _aUNITISATION
690 _aPROPERTY LAW AND PRACTICE
942 _n0
948 _c04/03/1997
999 _c24193
_d24193